[Event "34 OFSz o Puchar Prezydenta Miasta Zabrz"]
[Site "Zabrze ul. Matejki 6"]
[Date "2011.09.25"]
[Round "5.7"]
[White "Czornik, Janusz"]
[Black "Ekert, Mariusz"]
[Result "1/2-1/2"]
[WhiteElo "1838"]
[BlackElo "1957"]
[PlyCount "60"]
[EventDate "2011.??.??"]

1. e4 e6 2. Qe2 c5 3. g3 b6 4. Bg2 Bb7 5. d3 Nc6 6. f4 Nd4 7. Qd1 d5 8. c3 Nc6
9. exd5 exd5 10. Nf3 Nf6 11. O-O Be7 12. Nbd2 O-O 13. Ne5 Qc7 14. Ndf3 Rad8 15.
Nxc6 Bxc6 16. Ne5 Bb7 17. b3 d4 18. c4 Bxg2 19. Kxg2 Bd6 20. Ng4 Nxg4 21. Qxg4
Qc6+ 22. Qf3 Qxf3+ 23. Kxf3 f5 24. g4 a5 25. Bd2 Rde8 26. Rae1 Kf7 27. Rxe8
Rxe8 28. Re1 Rxe1 29. Bxe1 Kf6 30. Bf2 g6 1/2-1/2

[Event "34 OFSz o Puchar Prezydenta Miasta Zabrz"]
[Site "Zabrze ul. Matejki 6"]
[Date "2011.09.25"]
[Round "5.8"]
[White "Galyga, Jozef"]
[Black "Gora, Tomasz"]
[Result "1/2-1/2"]
[WhiteElo "1953"]
[BlackElo "1849"]
[PlyCount "85"]
[EventDate "2011.??.??"]

1. e4 e6 2. d3 d5 3. Nd2 Nf6 4. Ngf3 Nc6 5. g3 dxe4 6. dxe4 Bc5 7. Qe2 e5 8. c3
a5 9. a4 O-O 10. Nb3 Bb6 11. Bg2 Bg4 12. O-O Qe7 13. Be3 Bxe3 14. Qxe3 b6 15.
h3 Be6 16. Nbd2 h6 17. Nh4 Rad8 18. Rfe1 Qd7 19. Nf1 Bxh3 20. Bxh3 Qxh3 21. Nf5
Ng4 22. Qe2 g6 23. N5e3 Nxe3 24. Nxe3 Qe6 25. Nd5 Rd7 26. Qe3 Kg7 27. Kg2 Ne7
28. Rh1 Rh8 29. c4 f5 30. Nxe7 Rxe7 31. exf5 Qxf5 32. Rad1 g5 33. Rd5 Rhe8 34.
Rhd1 Qf6 35. b3 e4 36. Rd7 Kg6 37. Rxe7 Rxe7 38. Rd8 Kg7 39. Kg1 Kg6 40. Qd2
Qe6 41. Qe3 h5 42. Rd5 Qf6 43. Rd1 1/2-1/2

[Event "34 OFSz o Puchar Prezydenta Miasta Zabrz"]
[Site "Zabrze ul. Matejki 6"]
[Date "2011.09.25"]
[Round "5.9"]
[White "Klementys, Jerzy"]
[Black "Semik, Tomasz"]
[Result "1/2-1/2"]
[WhiteElo "1825"]
[BlackElo "1878"]
[PlyCount "60"]
[EventDate "2011.??.??"]

1. d4 Nf6 2. c4 g6 3. Nc3 Bg7 4. e4 d6 5. Nf3 O-O 6. g3 Nc6 7. Bg2 e5 8. d5 Ne7
9. O-O Bd7 10. Bd2 c6 11. Ne1 Ne8 12. Nd3 c5 13. Qc1 Nc7 14. Bh6 b5 15. b3 Rb8
16. Bxg7 Kxg7 17. f4 f6 18. cxb5 Nxb5 19. Nxb5 Bxb5 20. Rf3 Qb6 21. Kh1 Bd7 22.
Nb2 Rbe8 23. Nc4 Qc7 24. fxe5 fxe5 25. Qd2 Rxf3 26. Bxf3 Rf8 27. Rf1 Bb5 28.
Be2 Rxf1+ 29. Bxf1 Bxc4 30. Bxc4 Ng8 1/2-1/2

[Event "34 OFSz o Puchar Prezydenta Miasta Zabrz"]
[Site "Zabrze ul. Matejki 6"]
[Date "2011.09.25"]
[Round "5.10"]
[White "Drela, Michal"]
[Black "Gromada, Andrzej"]
[Result "0-1"]
[WhiteElo "1459"]
[BlackElo "1989"]
[PlyCount "120"]
[EventDate "2011.??.??"]

1. e4 c5 2. Nf3 d6 3. d4 cxd4 4. Nxd4 Nf6 5. Nc3 a6 6. a3 Qc7 7. Be2 e6 8. Be3
Be7 9. O-O Nc6 10. h3 O-O 11. Qd2 Bd7 12. Rad1 Ne5 13. Nf3 Rfd8 14. Nxe5 dxe5
15. Bd3 Rac8 16. Ra1 Bc6 17. Qe2 b5 18. Qf3 Ne8 19. Ne2 f5 20. Nc3 Bb7 21. Qe2
f4 22. Bd2 Bc5 23. Qg4 Qf7 24. Kh1 Nf6 25. Qe2 Kh8 26. Na2 g5 27. Bb4 Bd4 28.
Bc3 Qg7 29. Bxd4 Rxd4 30. c3 Rdd8 31. Rad1 g4 32. Kh2 Qh6 33. Rh1 Rg8 34. h4
Qxh4+ 35. Kg1 Qg5 36. Re1 Rcd8 37. Nc1 h5 38. g3 f3 39. Qe3 Qxe3 40. Rxe3 Kg7
41. Rh4 Kg6 42. Nb3 Rc8 43. Na5 Rg7 44. Re1 Rd8 45. Nxb7 Rxb7 46. Bf1 Rbd7 47.
Rh1 Rd1 48. Rxd1 Rxd1 49. Kh2 Rd2 50. c4 Rxf2+ 51. Kg1 Rxb2 52. Rh2 Rxh2 53.
Kxh2 bxc4 54. Bxc4 a5 55. Bxe6 Nxe4 56. Bc4 Kg5 57. Bd5 Nc3 58. Bc4 e4 59. Kg1
e3 60. Kf1 Ne4 0-1

[Event "34 OFSz o Puchar Prezydenta Miasta Zabrz"]
[Site "Zabrze ul. Matejki 6"]
[Date "2011.09.25"]
[Round "5.11"]
[White "Pawlowski, Maciej"]
[Black "Tomaka, Marek"]
[Result "0-1"]
[WhiteElo "1495"]
[BlackElo "1582"]
[PlyCount "42"]
[EventDate "2011.??.??"]

1. e4 c5 2. Nf3 e6 3. d4 cxd4 4. Nxd4 Nf6 5. Nc3 Bb4 6. f3 Bxc3+ 7. bxc3 O-O 8.
e5 Ne4 9. fxe4 Qh4+ 10. g3 Qxe4+ 11. Qe2 Qxh1 12. Nf3 b6 13. Qe4 Ba6 14. c4
Bxc4 15. Qxc4 Qxf3 16. Bd3 Nc6 17. Qh4 g6 18. Bh6 Rfc8 19. Be4 Qc3+ 20. Kf2
Qxa1 21. Bxc6 Qxe5 0-1

[Event "34 OFSz o Puchar Prezydenta Miasta Zabrz"]
[Site "Zabrze ul. Matejki 6"]
[Date "2011.??.??"]
[Round "5.12"]
[White "Mroczek, Henryk"]
[Black "Mostowski, Boguslaw"]
[Result "0-1"]
[WhiteElo "1686"]
[BlackElo "1807"]
[PlyCount "48"]
[EventDate "2011.??.??"]

1. d4 Nf6 2. c4 e6 3. Nf3 b6 4. Bg5 Bb7 5. e3 h6 6. Bh4 Be7 7. Nc3 d5 8. Bd3
Nbd7 9. O-O O-O 10. Rc1 c5 11. cxd5 exd5 12. dxc5 bxc5 13. Qb3 Nb6 14. Qd1 Ne4
15. Bxe7 Qxe7 16. Qe2 Rfd8 17. Rfd1 f5 18. a4 a5 19. Nd2 Qf6 20. Ncxe4 fxe4 21.
Bb1 Kh8 22. Qb5 Qc6 23. b3 Nd7 24. Qxc6 Bxc6 0-1

[Event "34 OFSz o Puchar Prezydenta Miasta Zabrz"]
[Site "Zabrze ul. Matejki 6"]
[Date "2011.09.25"]
[Round "5.14"]
[White "Sikora, Szymon"]
[Black "Michalak, Natalia"]
[Result "0-1"]
[WhiteElo "1533"]
[BlackElo "1385"]
[PlyCount "36"]
[EventDate "2011.??.??"]

1. e4 c6 2. d4 d5 3. exd5 cxd5 4. c4 Nc6 5. Nc3 Nf6 6. Nf3 Bg4 7. cxd5 Nxd5 8.
Nxd5 Qxd5 9. Be2 e6 10. O-O Rd8 11. Be3 Be7 12. b3 O-O 13. Bc4 Qd6 14. Rc1 a6
15. Qc2 Bxf3 16. gxf3 Nxd4 17. Bxd4 Qxd4 18. Bd3 Qxd3 0-1

[Event "34 OFSz o Puchar Prezydenta Miasta Zabrz"]
[Site "Zabrze ul. Matejki 6"]
[Date "2011.??.??"]
[Round "6.1"]
[White "Kastelik, Adrian"]
[Black "Malaniuk, Vladimir P"]
[Result "1/2-1/2"]
[WhiteElo "2048"]
[BlackElo "2496"]
[PlyCount "55"]
[EventDate "2011.??.??"]

1. e4 e5 2. Nf3 Nc6 3. Nc3 Nf6 4. Bb5 Bb4 5. d3 d6 6. O-O O-O 7. Bg5 Bxc3 8.
bxc3 Bd7 9. Nd2 h6 10. Bxf6 Qxf6 11. Qf3 Qxf3 12. Nxf3 Rad8 13. Rab1 Na5 14.
Bxd7 Rxd7 15. Nd2 b6 16. c4 Nc6 17. c3 f5 18. f3 Nd8 19. Nb3 Ne6 20. Rbd1 a5
21. a4 fxe4 22. fxe4 Rdf7 23. Rxf7 Rxf7 24. Rf1 Nf4 25. Nc1 Ne6 26. Nb3 Nf4 27.
Nc1 Ne6 28. Nb3 1/2-1/2

[Event "34 OFSz o Puchar Prezydenta Miasta Zabrz"]
[Site "Zabrze ul. Matejki 6"]
[Date "2011.??.??"]
[Round "6.3"]
[White "Piesik, Piotr"]
[Black "Mulet, Piotr"]
[Result "1/2-1/2"]
[WhiteElo "2206"]
[BlackElo "2284"]
[PlyCount "61"]
[EventDate "2011.??.??"]

1. Nf3 Nf6 2. g3 c5 3. c3 d5 4. d4 e6 5. Bg2 Nc6 6. O-O Qb6 7. b3 Be7 8. Bb2
O-O 9. Nbd2 Rd8 10. e3 Qc7 11. Qe2 b6 12. c4 Bb7 13. Rac1 a5 14. a4 Nb4 15. Ne5
dxc4 16. Ndxc4 Bxg2 17. Kxg2 Nfd5 18. Rfd1 Rac8 19. e4 Nf6 20. f3 cxd4 21. Rxd4
Bc5 22. Rxd8+ Rxd8 23. Rd1 Kf8 24. Rd2 Ke8 25. Qd1 Rxd2+ 26. Qxd2 Ng8 27. Na3
f6 28. Nb5 Qd8 29. Nc4 Qxd2+ 30. Nxd2 Kd7 31. Kf1 1/2-1/2

[Event "34 OFSz o Puchar Prezydenta Miasta Zabrz"]
[Site "Zabrze ul. Matejki 6"]
[Date "2011.??.??"]
[Round "6.4"]
[White "Szczecina, Kamil"]
[Black "Czarnecki, Artur"]
[Result "1/2-1/2"]
[WhiteElo "1772"]
[BlackElo "1870"]
[PlyCount "61"]
[EventDate "2011.??.??"]

1. e4 e5 2. Nf3 d6 3. Bc4 Be7 4. h3 Nf6 5. d3 O-O 6. O-O c6 7. Bb3 a5 8. c3 Be6
9. Re1 h6 10. Bc2 Qc7 11. d4 Rd8 12. Nbd2 b5 13. Qe2 Bc8 14. Nf1 Nbd7 15. Ng3
Nf8 16. Nf5 Kh7 17. g4 Ng8 18. Qe3 f6 19. h4 g5 20. hxg5 fxg5 21. Qe2 Ng6 22.
Qf1 Bf6 23. Qh3 Bxf5 24. exf5 Nf4 25. Bxf4 exf4 26. Qh5 Qg7 27. Re6 Ra7 28.
Rae1 Qf7 29. Qxf7+ Rxf7 30. Kg2 Kg7 31. Bb3 1/2-1/2

[Event "34 OFSz o Puchar Prezydenta Miasta Zabrz"]
[Site "Zabrze ul. Matejki 6"]
[Date "2011.??.??"]
[Round "6.6"]
[White "Semik, Tomasz"]
[Black "Radzikowski, Dawid"]
[Result "0-1"]
[WhiteElo "1878"]
[BlackElo "2019"]
[PlyCount "79"]
[EventDate "2011.??.??"]

1. Nf3 d6 2. g3 Nc6 3. Bg2 e5 4. d3 Be6 5. e4 Qd7 6. Ng5 Bg4 7. f3 Bh5 8. Nc3
Nd4 9. h4 f6 10. Nh3 c6 11. Be3 Ne7 12. g4 Bf7 13. Qd2 O-O-O 14. Ne2 Nxe2 15.
Qxe2 Kb8 16. Qf2 Nc8 17. Ng1 d5 18. exd5 Bxd5 19. Ne2 Bb4+ 20. Nc3 Bf7 21. a3
Ba5 22. Bd2 Bb6 23. Qg3 h5 24. O-O-O Bc7 25. Ne4 Nd6 26. Bh3 hxg4 27. Nc5 Qe7
28. fxg4 Nb5 29. Ne4 Nxa3 30. Rdf1 Nb5 31. g5 Nd4 32. Qf2 f5 33. Bxf5 Bd5 34.
Bc3 Bb6 35. Qg2 Rdf8 36. Bg4 Rxf1+ 37. Qxf1 Bxe4 38. dxe4 Rf8 39. Qd3 Rf4 40.
Bh5 0-1

[Event "34 OFSz o Puchar Prezydenta Miasta Zabrz"]
[Site "Zabrze ul. Matejki 6"]
[Date "2011.??.??"]
[Round "6.7"]
[White "Gromada, Andrzej"]
[Black "Czornik, Janusz"]
[Result "1/2-1/2"]
[WhiteElo "1989"]
[BlackElo "1838"]
[PlyCount "66"]
[EventDate "2011.??.??"]

1. d4 Nf6 2. c4 g6 3. g3 Bg7 4. Bg2 d5 5. cxd5 Nxd5 6. Nf3 O-O 7. O-O Na6 8. e4
Nb6 9. Nc3 c5 10. Be3 Nc4 11. e5 Nxe3 12. fxe3 Bh6 13. Qe2 cxd4 14. exd4 Nc7
15. Rad1 Be6 16. h4 Nd5 17. Ng5 Bxg5 18. hxg5 Rc8 19. Qd2 Qd7 20. Ne4 b6 21.
Bf3 Bg4 22. Qe2 Bxf3 23. Qxf3 Qf5 24. Qe2 Qe6 25. Rf2 f5 26. exf6 Rce8 27. fxe7
Rxf2 28. Kxf2 Rxe7 29. Re1 Kg7 30. Kg2 Qc6 31. Kh2 Nb4 32. Qg2 Nc2 33. Rc1 Qc4
1/2-1/2

[Event "34 OFSz o Puchar Prezydenta Miasta Zabrz"]
[Site "Zabrze ul. Matejki 6"]
[Date "2011.??.??"]
[Round "6.8"]
[White "Ekert, Mariusz"]
[Black "Klementys, Jerzy"]
[Result "1-0"]
[WhiteElo "1957"]
[BlackElo "1825"]
[PlyCount "71"]
[EventDate "2011.??.??"]

1. d4 Nf6 2. c4 g6 3. Nc3 Bg7 4. e4 d6 5. f3 O-O 6. Be3 e5 7. Nge2 b6 8. Qd2 c5
9. d5 Ne8 10. g4 a6 11. h4 f6 12. Ng3 Rf7 13. Bd3 Rb7 14. g5 Nd7 15. h5 Nc7 16.
hxg6 hxg6 17. gxf6 Nxf6 18. Bh6 Qf8 19. Qg5 Kf7 20. Bxg7 Qxg7 21. O-O-O Bd7 22.
Rdf1 Rh8 23. Rxh8 Qxh8 24. f4 b5 25. fxe5 dxe5 26. Qxe5 Qh6+ 27. Kb1 Nce8 28.
d6 Bh3 29. Qd5+ Kf8 30. Rxf6+ Nxf6 31. Qxb7 Qd2 32. Qe7+ Kg8 33. Bc2 Qe1+ 34.
Nd1 Nd7 35. Qd8+ Kg7 36. Qh4 1-0

[Event "34 OFSz o Puchar Prezydenta Miasta Zabrz"]
[Site "Zabrze ul. Matejki 6"]
[Date "2011.??.??"]
[Round "6.9"]
[White "Tomaka, Marek"]
[Black "Galyga, Jozef"]
[Result "1/2-1/2"]
[WhiteElo "1582"]
[BlackElo "1953"]
[PlyCount "83"]
[EventDate "2011.??.??"]

1. e4 e6 2. d4 d5 3. e5 c5 4. c3 Nc6 5. Nf3 Qb6 6. a3 c4 7. Be2 Nge7 8. O-O Bd7
9. Nbd2 Na5 10. Qe1 Nec6 11. Bd1 Be7 12. Bc2 O-O 13. h3 f6 14. exf6 Bxf6 15.
Qe2 Qc7 16. b4 cxb3 17. Nxb3 Nxb3 18. Bxb3 Na5 19. Ba2 Rac8 20. Bd2 Nc4 21.
Bxc4 Qxc4 22. Qxc4 Rxc4 23. Rab1 b6 24. Rb4 Rfc8 25. Re1 Be7 26. Rxc4 Rxc4 27.
Ne5 Rc7 28. Bc1 Be8 29. Bb2 Kf8 30. Nd3 Bd7 31. Rc1 Bd6 32. Nb4 Bb5 33. g3 g5
34. Nc2 Bd3 35. Ne3 b5 36. Rd1 Bf5 37. Kg2 g4 38. Re1 Kf7 39. Re2 Kf6 40. Re1
h6 41. Rc1 Kg7 42. Re1 1/2-1/2

[Event "34 OFSz o Puchar Prezydenta Miasta Zabrz"]
[Site "Zabrze ul. Matejki 6"]
[Date "2011.??.??"]
[Round "6.10"]
[White "Gora, Tomasz"]
[Black "Kuciel, Wladyslaw"]
[Result "1/2-1/2"]
[WhiteElo "1849"]
[BlackElo "2021"]
[PlyCount "98"]
[EventDate "2011.??.??"]

1. d4 Nf6 2. c4 e6 3. Nc3 Bb4 4. Qc2 O-O 5. e3 c5 6. a3 Bxc3+ 7. bxc3 d6 8. Bd3
b6 9. Ne2 Bb7 10. f3 Nbd7 11. O-O Re8 12. e4 e5 13. Bg5 Nf8 14. a4 h6 15. Be3
Qc7 16. a5 Bc6 17. axb6 axb6 18. Qb2 N8d7 19. Ng3 Nf8 20. Nf5 Bd7 21. Rxa8 Rxa8
22. Ne7+ Kh8 23. Nd5 Nxd5 24. exd5 f6 25. Rb1 exd4 26. cxd4 Kg8 27. Kf2 Ra6 28.
Ra1 Ba4 29. Ra3 Nd7 30. Qa2 cxd4 31. Bxd4 Qa7 32. c5 b5 33. Qe2 dxc5 34. Qe8+
Nf8 35. Be3 b4 36. Rxa4 Rxa4 37. d6 b3 38. Bf5 Ra2+ 39. Kg3 Re2 40. Be6+ Kh7
41. Qxf8 Rxe3 42. Bf7 Qxf7 43. Qxf7 b2 44. Qa2 Re2 45. Qb1+ Kg8 46. Qd1 Rd2 47.
Qxd2 b1=Q 48. d7 Qb8+ 49. Qf4 Qd8 1/2-1/2

[Event "34 OFSz o Puchar Prezydenta Miasta Zabrz"]
[Site "Zabrze ul. Matejki 6"]
[Date "2011.??.??"]
[Round "6.12"]
[White "Mostowski, Boguslaw"]
[Black "Pawlowski, Maciej"]
[Result "0-1"]
[WhiteElo "1807"]
[BlackElo "1495"]
[PlyCount "80"]
[EventDate "2011.??.??"]

1. e4 e6 2. d4 d5 3. Nc3 Bb4 4. e5 c5 5. a3 Bxc3+ 6. bxc3 Ne7 7. Nf3 Qa5 8. Bd2
c4 9. g3 Bd7 10. Bg2 Bc6 11. O-O Nd7 12. Qb1 Qc7 13. a4 Ng6 14. Re1 O-O-O 15.
h4 h6 16. Bh3 Rdf8 17. Nh2 Ne7 18. Bc1 Rfg8 19. Ba3 Nf5 20. Bxf5 exf5 21. Bd6
Qd8 22. Qb4 Re8 23. Nf1 f4 24. e6 fxe6 25. Bxf4 g5 26. hxg5 hxg5 27. Be5 Nxe5
28. Rxe5 Qf6 29. Kg2 g4 30. f4 gxf3+ 31. Kf2 Rh1 32. Rae1 Qh6 33. Qd6 Qh3 34.
Rxe6 Rxf1+ 35. Rxf1 Rxe6 36. Qf8+ Re8 37. Qxf3 Qh2+ 38. Qg2 Rf8+ 39. Ke1 Qxg2
40. Rxf8+ Kc7 0-1

[Event "34 OFSz o Puchar Prezydenta Miasta Zabrz"]
[Site "Zabrze ul. Matejki 6"]
[Date "2011.??.??"]
[Round "6.13"]
[White "Michalak, Natalia"]
[Black "Mroczek, Henryk"]
[Result "1-0"]
[WhiteElo "1385"]
[BlackElo "1686"]
[PlyCount "57"]
[EventDate "2011.??.??"]

1. d4 Nf6 2. c4 e6 3. Nc3 Bb4 4. Qc2 d5 5. Bg5 Nbd7 6. e3 c5 7. a3 Bxc3+ 8.
Qxc3 h6 9. Bh4 b6 10. dxc5 Nxc5 11. Bxf6 gxf6 12. Rc1 Bb7 13. Nf3 Rc8 14. Be2
Rg8 15. O-O Ne4 16. Qd3 Ke7 17. cxd5 Bxd5 18. g3 Qd6 19. Qa6 Qb8 20. Nd4 Rxc1
21. Rxc1 Nc5 22. Qb5 Rc8 23. Bf3 a6 24. Qe2 Nb3 25. Rxc8 Nxd4 26. Rxb8 Nxf3+
27. Qxf3 Bxf3 28. Rxb6 Be2 29. Kg2 1-0

[Event "34 OFSz o Puchar Prezydenta Miasta Zabrz"]
[Site "Zabrze ul. Matejki 6"]
[Date "2011.??.??"]
[Round "7.2"]
[White "Kielar, Maciej"]
[Black "Kastelik, Adrian"]
[Result "0-1"]
[WhiteElo "2098"]
[BlackElo "2048"]
[PlyCount "72"]
[EventDate "2011.??.??"]

1. g3 d5 2. Bg2 e5 3. c4 Nf6 4. cxd5 Nxd5 5. Nc3 Be6 6. Nf3 Nc6 7. O-O Be7 8.
d4 Nxc3 9. bxc3 exd4 10. cxd4 O-O 11. Bb2 f5 12. Qa4 Bd5 13. Rfd1 b5 14. Qa6
Rf6 15. Rac1 Nxd4 16. Qa5 Nxe2+ 17. Kh1 Rd6 18. Rxd5 Rxd5 19. Re1 c6 20. Qa6
Qb6 21. Qxb6 axb6 22. Nd4 Rxd4 23. Bxd4 Nxd4 24. Rxe7 Rxa2 25. h3 Ra1+ 26. Kh2
b4 27. Rd7 Rd1 28. Bxc6 Nf3+ 29. Kg2 Rxd7 30. Bxd7 Nd4 31. Bc8 Kf7 32. g4 f4
33. Bb7 b3 34. Kf1 b2 35. Be4 Nb5 36. Bxh7 g6 0-1

[Event "34 OFSz o Puchar Prezydenta Miasta Zabrz"]
[Site "Zabrze ul. Matejki 6"]
[Date "2011.??.??"]
[Round "7.3"]
[White "Mulet, Piotr"]
[Black "Szczecina, Kamil"]
[Result "1/2-1/2"]
[WhiteElo "2284"]
[BlackElo "1772"]
[PlyCount "90"]
[EventDate "2011.??.??"]

1. c4 Nf6 2. Nf3 c5 3. g3 g6 4. Bg2 Bg7 5. O-O O-O 6. Nc3 Nc6 7. d3 d6 8. Rb1
h6 9. a3 a5 10. Bd2 Bd7 11. h3 Nh5 12. Nd5 e6 13. Nc3 f5 14. Nb5 Qe7 15. e3 Nf6
16. Bc3 e5 17. Nd2 Rfd8 18. Nc7 Rac8 19. Nd5 Nxd5 20. cxd5 Nb8 21. Bxa5 Rf8 22.
b4 Na6 23. b5 Nc7 24. a4 f4 25. Ne4 fxe3 26. Bxc7 exf2+ 27. Rxf2 Rxc7 28. Rxf8+
Bxf8 29. a5 Bf5 30. b6 Rc8 31. Qa4 Rb8 32. a6 bxa6 33. Qxa6 Bc8 34. Qc4 Kh8 35.
Kh2 Qd8 36. Qb3 Ba6 37. Bf3 Bc8 38. Bg4 Bxg4 39. hxg4 Qc8 40. Nf2 Qb7 41. Ne4
Be7 42. Qb5 Qxd5 43. b7 Qe6 44. Qc6 Qa2+ 45. Nf2 Qxb1 1/2-1/2

[Event "34 OFSz o Puchar Prezydenta Miasta Zabrz"]
[Site "Zabrze ul. Matejki 6"]
[Date "2011.??.??"]
[Round "7.4"]
[White "Korcz, Daniel"]
[Black "Piesik, Piotr"]
[Result "0-1"]
[WhiteElo "1833"]
[BlackElo "2206"]
[PlyCount "47"]
[EventDate "2011.??.??"]

1. e4 Nc6 2. d4 e5 3. d5 Nce7 4. c4 Ng6 5. Nc3 Nf6 6. Bd3 Bc5 7. Nf3 O-O 8. O-O
a6 9. a3 d6 10. b4 Ba7 11. Ne2 Bg4 12. Ng3 Nf4 13. Bb1 Qd7 14. Re1 h5 15. Be3
h4 16. Bxa7 Rxa7 17. Nf1 h3 18. Ne3 hxg2 19. Nxg2 Bh5 20. Nxf4 exf4 21. e5 Qg4+
22. Kh1 Qxf3+ 23. Qxf3 Bxf3+ 24. Kg1 0-1

[Event "34 OFSz o Puchar Prezydenta Miasta Zabrz"]
[Site "Zabrze ul. Matejki 6"]
[Date "2011.??.??"]
[Round "7.5"]
[White "Czarnecki, Artur"]
[Black "Ekert, Mariusz"]
[Result "1/2-1/2"]
[WhiteElo "1870"]
[BlackElo "1957"]
[PlyCount "46"]
[EventDate "2011.??.??"]

1. e4 e6 2. d4 d5 3. e5 c5 4. c3 Qb6 5. Nf3 Nc6 6. Be2 cxd4 7. cxd4 Nh6 8. Nc3
Nf5 9. Na4 Qa5+ 10. Bd2 Bb4 11. Bc3 b5 12. a3 Bxc3+ 13. Nxc3 b4 14. axb4 Qxb4
15. Ra4 Qxb2 16. Nb5 O-O 17. O-O Bd7 18. Ra1 Nxe5 19. Rb1 Nxf3+ 20. gxf3 Qa2
21. Ra1 Qb2 22. Rb1 Qa2 23. Ra1 Qb2 1/2-1/2

[Event "34 OFSz o Puchar Prezydenta Miasta Zabrz"]
[Site "Zabrze ul. Matejki 6"]
[Date "2011.??.??"]
[Round "7.6"]
[White "Radzikowski, Dawid"]
[Black "Gromada, Andrzej"]
[Result "1-0"]
[WhiteElo "2019"]
[BlackElo "1989"]
[PlyCount "79"]
[EventDate "2011.??.??"]

1. e4 c5 2. Nc3 d6 3. d3 g6 4. Be3 Nc6 5. Qd2 Bg7 6. g3 Nd4 7. Bg2 Rb8 8. Nd1
Nf6 9. c3 Nc6 10. Bh6 Bxh6 11. Qxh6 e5 12. h3 Be6 13. Ne2 b6 14. O-O Ng8 15.
Qg7 Qf6 16. Qxf6 Nxf6 17. f4 Ke7 18. Ne3 Bc8 19. Rf2 Ba6 20. Rd1 Rhf8 21. Nc1
Rbe8 22. Rdf1 Nh5 23. Kh2 Kd8 24. h4 Rh8 25. f5 Reg8 26. fxg6 fxg6 27. Rf7 Re8
28. Bh3 Ne7 29. Nd5 Bb5 30. c4 Bc6 31. Ne2 Bxd5 32. exd5 Reg8 33. Nc3 Rg7 34.
Rf8+ Rxf8 35. Rxf8+ Kc7 36. Nb5+ Kb7 37. Nxd6+ Ka6 38. Ne8 Rg8 39. Rxg8 Nxg8
40. d6 1-0

[Event "34 OFSz o Puchar Prezydenta Miasta Zabrz"]
[Site "Zabrze ul. Matejki 6"]
[Date "2011.??.??"]
[Round "7.7"]
[White "Galyga, Jozef"]
[Black "Czornik, Janusz"]
[Result "1/2-1/2"]
[WhiteElo "1953"]
[BlackElo "1838"]
[PlyCount "36"]
[EventDate "2011.??.??"]

1. e4 c5 2. Nf3 d6 3. g3 g6 4. Bg2 Bg7 5. O-O Nc6 6. Nc3 Nf6 7. d3 O-O 8. h3 e5
9. Nd5 Nxd5 10. exd5 Nb4 11. Nd2 b5 12. a3 Na6 13. a4 bxa4 14. Rxa4 Nb4 15. Nc4
Bb7 16. Ne3 Bh6 17. c4 Bc8 18. Nc2 Bxc1 {dalej zapisy nieczytelne} 1/2-1/2

[Event "34 OFSz o Puchar Prezydenta Miasta Zabrz"]
[Site "Zabrze ul. Matejki 6"]
[Date "2011.??.??"]
[Round "7.8"]
[White "Drela, Michal"]
[Black "Gora, Tomasz"]
[Result "1-0"]
[WhiteElo "1459"]
[BlackElo "1849"]
[PlyCount "96"]
[EventDate "2011.??.??"]

1. e4 e6 2. d4 d5 3. exd5 exd5 4. Bd3 Bd6 5. Ne2 Ne7 6. Bf4 Bf5 7. c3 O-O 8.
O-O Bxf4 9. Nxf4 Qd6 10. Ne2 Nd7 11. Bxf5 Nxf5 12. Qd3 Qg6 13. Nf4 Qg5 14. Nxd5
c6 15. Qxf5 Qxf5 16. Ne7+ Kh8 17. Nxf5 g6 18. Nd6 b5 19. Nd2 f5 20. Nb7 Rab8
21. Nc5 Rfd8 22. Nxd7 Rxd7 23. Nf3 b4 24. Ne5 Rc7 25. c4 a5 26. b3 Kg7 27. Rad1
f4 28. d5 cxd5 29. Rxd5 Ra8 30. Rfd1 a4 31. Rb5 axb3 32. axb3 Re7 33. Nf3 Ra2
34. Rxb4 Ree2 35. Rf1 h6 36. h4 Reb2 37. Rb6 Ra3 38. Nd4 g5 39. Re1 Ra7 40.
hxg5 hxg5 41. Ne6+ Kf6 42. Nxf4+ Kf5 43. Nd3 Rd2 44. Re5+ Kg4 45. f3+ Kh5 46.
Ne1 Rd1 47. Kh2 Rd2 48. Kh3 Rb2 1-0

[Event "34 OFSz o Puchar Prezydenta Miasta Zabrz"]
[Site "Zabrze ul. Matejki 6"]
[Date "2011.??.??"]
[Round "7.10"]
[White "Kuciel, Wladyslaw"]
[Black "Michalak, Natalia"]
[Result "1-0"]
[WhiteElo "2021"]
[BlackElo "1385"]
[PlyCount "57"]
[EventDate "2011.??.??"]

1. Nf3 Nf6 2. d4 d5 3. c4 e6 4. e3 c5 5. Nc3 cxd4 6. exd4 dxc4 7. Bxc4 Bb4 8.
O-O Bxc3 9. bxc3 O-O 10. Bg5 Nbd7 11. Qe2 Qc7 12. Rac1 b6 13. Bd3 Bb7 14. Ne5
g6 15. Rfe1 Nxe5 16. dxe5 Nd7 17. Be7 Rfc8 18. Bd6 Qd8 19. Qd2 Nc5 20. Re3 Qg5
21. f4 Qxf4 22. Rf1 Qa4 23. Rh3 Qg4 24. Rg3 Ne4 25. Rxg4 Nxd2 26. Rf2 Nf3+ 27.
gxf3 Rxc3 28. Be4 Bxe4 29. Rxe4 1-0

[Event "34 OFSz o Puchar Prezydenta Miasta Zabrz"]
[Site "Zabrze ul. Matejki 6"]
[Date "2011.??.??"]
[Round "7.11"]
[White "Pawlowski, Maciej"]
[Black "Jelen, Janusz"]
[Result "0-1"]
[WhiteElo "1495"]
[BlackElo "2013"]
[PlyCount "64"]
[EventDate "2011.??.??"]

1. e4 e5 2. Nf3 Nc6 3. Bc4 d6 4. d4 Be7 5. O-O Nf6 6. Re1 Bg4 7. d5 Nb8 8. h3
Bh5 9. c3 O-O 10. Bg5 c6 11. Nbd2 Nxd5 12. exd5 Bxg5 13. Ne4 Be7 14. g4 Bg6 15.
Ng3 Nd7 16. dxc6 bxc6 17. Bd3 Nc5 18. Bxg6 hxg6 19. Kg2 Ne6 20. Rh1 f5 21. Qb3
Qc8 22. gxf5 gxf5 23. h4 Rb8 24. Qc2 e4 25. Ng5 Bxg5 26. hxg5 Nxg5 27. Rh5 Ne6
28. Qd2 f4 29. Nxe4 g5 30. Nxg5 Rf5 31. Nxe6 f3+ 32. Kg1 Rxh5 0-1

[Event "34 OFSz o Puchar Prezydenta Miasta Zabrz"]
[Site "Zabrze ul. Matejki 6"]
[Date "2011.??.??"]
[Round "7.12"]
[White "Mostowski, Boguslaw"]
[Black "Semik, Tomasz"]
[Result "0-1"]
[WhiteElo "1807"]
[BlackElo "1878"]
[PlyCount "150"]
[EventDate "2011.??.??"]

1. e4 d6 2. d4 Nf6 3. Nc3 g6 4. Nf3 Bg7 5. Be2 O-O 6. O-O Nc6 7. d5 Nb8 8. Nd4
c5 9. Nb3 e6 10. Bg5 e5 11. Qd2 a6 12. a4 Qe7 13. f3 b6 14. Nd1 Re8 15. c4 a5
16. Nc3 Na6 17. Nb5 Qf8 18. Bd3 h6 19. Be3 Nd7 20. g4 Rb8 21. Rae1 Rb7 22. Kh1
Kh7 23. Rg1 Nb4 24. Bb1 Qe7 25. g5 h5 26. Qg2 Nb8 27. Nc1 Nd7 28. Ne2 Rh8 29.
h4 Kg8 30. Nec3 Kh7 31. Qg3 Rf8 32. Rg2 Re8 33. Rge2 Rf8 34. b3 Re8 35. Rf1 Rf8
36. Ref2 Kg8 37. Re2 Re8 38. Ree1 Kh7 39. f4 exf4 40. Qxf4 Ne5 41. Rd1 Kg8 42.
Bg1 Qd7 43. Bh2 Qe7 44. Rd2 Bg4 45. Nd1 Bh3 46. Rff2 Bd7 47. Ne3 Bc8 48. Nd1
Rd7 49. Ndc3 Rdd8 50. Nd1 Bd7 51. Ndc3 Rf8 52. Rf1 Bc8 53. Rff2 Qd7 54. Nd1 Qh3
55. Qg3 Qd7 56. Ne3 Qe7 57. Rf1 Bd7 58. Rff2 Na6 59. Bc2 Nb8 60. Bb1 Rde8 61.
Rf1 Rc8 62. Rdf2 Na6 63. Rg1 Nb4 64. Rd1 Rcd8 65. Rff1 Kh7 66. Rf2 f6 67. Rg1
Rg8 68. Rd2 fxg5 69. hxg5 Rdf8 70. Rf2 Rxf2 71. Qxf2 Rf8 72. Qg3 Rf3 73. Qe1
Rf7 74. Rg3 Bxb5 75. cxb5 Nf3 {i bia=/+<->e przekroczy=/+<->y czas} 0-1

[Event "34 OFSz o Puchar Prezydenta Miasta Zabrz"]
[Site "Zabrze ul. Matejki 6"]
[Date "2011.??.??"]
[Round "7.13"]
[White "Czornik, Adam"]
[Black "Sikora, Szymon"]
[Result "1-0"]
[WhiteElo "1758"]
[BlackElo "1533"]
[PlyCount "47"]
[EventDate "2011.??.??"]

1. e4 e6 2. d4 d5 3. exd5 exd5 4. Nf3 Bd6 5. Bd3 Nc6 6. c3 Nge7 7. O-O Bg4 8.
Nbd2 Qd7 9. Re1 f6 10. b4 a6 11. Rb1 g5 12. Qb3 Na7 13. c4 dxc4 14. Bxc4 Nac6
15. Ne4 Rf8 16. Nc5 Bxc5 17. dxc5 Bf5 18. Qb2 Bxb1 19. Qxb1 Nd4 20. Qxh7 Nxf3+
21. gxf3 Kd8 22. Be6 Qd4 23. Be3 Qxb4 24. Qd3+ 1-0